After the Storm Lyrics (Mumford and Sons) - Statistics

General Stats
  • This quiz has been taken 14 times
    11 since last reset
  • The average score is 172 of 238
Answer Stats
Answer % Correct
a
100%
I
100%
we
100%
You
100%
you
100%
your
100%
after
75%
alone
75%
always
75%
And
75%
and
75%
as
75%
be
75%
break
75%
But
75%
come
75%
day
75%
death
75%
decay
75%
die
75%
dismiss
75%
fears
75%
find
75%
flowers
75%
full
75%
Get
75%
go
75%
grace
75%
guess
75%
hair
75%
has
75%
heart
75%
hill
75%
home
75%
I'm
75%
in
75%
is
75%
just
75%
know
75%
left
75%
life
75%
look
75%
love
75%
man
75%
mind
75%
more
75%
must
75%
Night
75%
no
75%
Not
75%
not
75%
of
75%
out
75%
over
75%
pushed
75%
rains
75%
run
75%
see
75%
small
75%
so
75%
storm
75%
tears
75%
the
75%
there
75%
There
75%
this
75%
time
75%
to
75%
up
75%
What
75%
what
75%
will
75%
with
75%
With
75%
wont
75%
Because
50%
before
50%
behind
50%
by
50%
exactly
50%
for
50%
God
50%
hand
50%
I'll
50%
knees
50%
knew
50%
knows
50%
land
50%
live
50%
luck
50%
my
50%
oh
50%
On
50%
Or
50%
our
50%
own
50%
remembered
50%
rot
50%
scared
50%
stood
50%
tall
50%
took
50%
true
50%
was
50%
Well
50%
whats
50%
where
50%
why
50%
You'll
50%
all
25%
cling
25%
have
25%
hold
25%
now
25%
saw
25%
Thats
25%
No matching quizzes found
Score Distribution
Percent of People with Each Score
Percentile by Number Answered
Your Score History
You have not taken this quiz since the last reset